Food - Statistics

General Stats
  • This quiz has been taken 35 times
  • The average score is 5 of 7
Answer Stats
Picture Answer % Correct
French Fries/Fries
100%
Burger
97%
Spaghetti
97%
Chips/Potato Chips
94%
Pancakes
74%
Lasagna
52%
Macaroni and Cheese
26%
No matching quizzes found
Score Distribution
Percent of People with Each Score
Percentile by Number Answered
Your Score History
You have not taken this quiz